[Event "Buenos Aires ol (Women) prel"]
[Site "Buenos Aires"]
[Date "1978.??.??"]
[Round "7.2"]
[White "Haahr, Merete"]
[Black "Lebel Arias, Julia"]
[Result "1/2-1/2"]
[WhiteElo "2020"]
[BlackElo "1980"]
[PlyCount "102"]
[EventDate "1978.10.??"]
[EventType "team"]
[EventRounds "7"]
[EventCountry "ARG"]
[SourceTitle "EXT 2000"]
[Source "ChessBase"]
[SourceDate "1999.11.16"]
[SourceVersion "1"]
[SourceVersionDate "1999.11.16"]
[SourceQuality "1"]
[WhiteTeam "Danmark"]
[BlackTeam "Argentina"]

1. Nc3 g6 2. e4 Bg7 3. d4 d6 4. Be3 c6 5. Nf3 Nf6 6. Qd2 O-O 7. Bd3 Ng4 8. Bf4
e5 9. dxe5 dxe5 10. Bg5 Qc7 11. h3 Nf6 12. O-O-O Nbd7 13. Bh6 Nc5 14. Bxg7 Kxg7
15. Qg5 Re8 16. g4 h6 17. Qe3 Ne6 18. g5 hxg5 19. Nxg5 Nxg5 20. Qxg5 Rh8 21. h4
Bg4 22. Rdg1 Rh5 23. Qe3 Rah8 24. Qg3 Qe7 25. Bc4 b5 26. Bd3 b4 27. Nd1 Bxd1
28. Rxd1 Nd7 29. Be2 R5h6 30. h5 Nc5 31. Qg2 Qf6 32. Kb1 a5 33. Bg4 a4 34. Bf5
Rxh5 35. Rxh5 Rxh5 36. Bg4 Rg5 37. f3 Qf4 38. Rh1 Nxe4 39. Qh3 Rh5 40. Bxh5 Nf2
41. Qg2 Nxh1 42. Bxg6 fxg6 43. Qxh1 Qd4 44. Qe1 c5 45. a3 b3 46. cxb3 axb3 47.
a4 Kf6 48. a5 c4 49. Kc1 Qf4+ 50. Qd2 Qxf3 51. Qd8+ Kg7 1/2-1/2

[Event "Buenos Aires ol (Women) prel"]
[Site "Buenos Aires"]
[Date "1978.??.??"]
[Round "7.3"]
[White "Cazon de Hase, Matilde"]
[Black "Larsen, Ingrid"]
[Result "1/2-1/2"]
[WhiteElo "1960"]
[BlackElo "1930"]
[PlyCount "82"]
[EventDate "1978.10.??"]
[EventType "team"]
[EventRounds "7"]
[EventCountry "ARG"]
[SourceTitle "EXT 2000"]
[Source "ChessBase"]
[SourceDate "1999.11.16"]
[SourceVersion "1"]
[SourceVersionDate "1999.11.16"]
[SourceQuality "1"]
[WhiteTeam "Argentina"]
[BlackTeam "Danmark"]

1. e4 c5 2. Nf3 Nc6 3. d4 cxd4 4. Nxd4 Nf6 5. Nc3 a6 6. Nxc6 bxc6 7. e5 Ng8 8.
Bc4 Bb7 9. O-O e6 10. Ne4 c5 11. Nd6+ Bxd6 12. Qxd6 Rc8 13. Bf4 Qc7 14. Qd2 Ne7
15. c3 O-O 16. Rad1 Rfd8 17. Qe2 Qc6 18. f3 Nd5 19. Bg3 Rf8 20. Rd2 f6 21. Rfd1
fxe5 22. Bxe5 Qb6 23. Qf2 Rf5 24. Qg3 Rf7 25. Re1 Bc6 26. Kh1 Nf6 27. Qh3 Bb5
28. Bb3 d5 29. Bxf6 Rxf6 30. Rxd5 c4 31. Bd1 Rh6 32. Qg4 Qf2 33. Rde5 Rg6 34.
R5e2 Rxg4 35. Rxf2 Rg6 36. Rd2 Kf7 37. Bc2 Rf6 38. Be4 g6 39. Red1 Ke7 40. Kg1
Rff8 41. Rd4 Rfd8 1/2-1/2